Squid magnetometria komplexov manganu diplomová práca

Salvato in:
Dettagli Bibliografici
Autore principale: Vážny, Matúš
Natura: Libro
Lingua:slovacco
Pubblicazione: Bratislava STU FCHPT 2013
Accesso online:Visualizza in OPAC
Tags: Aggiungi Tag
Nessun Tag, puoi essere il primo ad aggiungerne!!

MARC

LEADER 00000nam a2200000 a 4500
005 20260127134222.0
008 130709 2013 000 0 slo d
035 |a vtls010525985 
039 9 |a 201307091407  |b mschk03  |y 201307091356  |z mschk03 
040 |a STUSCHK1  |b slo  |c STUSCHK1  |e AACR2 
100 1 |a Vážny, Matúš 
245 1 |a Squid magnetometria komplexov manganu  |b diplomová práca  |c Matúš Vážny 
260 |a Bratislava  |b STU FCHPT  |c 2013 
300 |a 48 s.  |b obr.  |c 30 cm 
500 |a Obhájené: 10.06.2013 
500 |a Štud. program: technická chémia 
500 |a Miesto vypracovania: Oddelenie anorganickej chémie 
500 |a Evidenčné číslo: FCHPT-5459-26884 
910 |a SCHK95 
999 |c 6978  |d 6978